[Event "Reykjavik Open 2013"]
[Site "Reykjavik ISL"]
[Date "2013.02.27"]
[Round "10.11"]
[White "Mamedjarova, Turkan"]
[Black "Olafsson, Fridrik"]
[Result "1/2-1/2"]
[WhiteTitle "WGM"]
[BlackTitle "GM"]
[WhiteElo "2280"]
[BlackElo "2416"]
[WhiteFideId "13402005"]
[BlackFideId "2300052"]
[EventDate "2013.02.19"]

1. e4 c5 2. Nf3 g6 3. c3 Bg7 4. d4 Qc7 5. e5 d6 6. Bf4 dxe5 7. Nxe5 Qb6 8. Na3
Nf6 9. Bb5+ Nfd7 10. O-O O-O 11. Nxd7 Nxd7 12. Bxd7 Bxd7 13. dxc5 Qxb2 14. Qxd7
Qxa3 15. Qxe7 b6 16. Bd6 bxc5 1/2-1/2

[Event "Reykjavik Open 2013"]
[Site "Reykjavik ISL"]
[Date "2013.02.27"]
[Round "10.12"]
[White "Gretarsson, Hjorvar Steinn"]
[Black "Navara, David"]
[Result "0-1"]
[WhiteTitle "IM"]
[BlackTitle "GM"]
[WhiteElo "2509"]
[BlackElo "2710"]
[WhiteFideId "2302241"]
[BlackFideId "309095"]
[EventDate "2013.02.19"]

1. d4 Nf6 2. c4 g6 3. f3 Nc6 4. d5 Ne5 5. e4 d6 6. Nc3 Bg7 7. f4 Ned7 8. Nf3 O-O
9. Be2 Nc5 10. Qc2 c6 11. dxc6 bxc6 12. Be3 Ng4 13. Bg1 Rb8 14. Nd4 Bd7 15. h3
Nf6 16. Be3 Nh5 17. Bxh5 Rxb2 18. Qd1 Qa5 19. Rc1 Nxe4 20. O-O Nxc3 21. Qe1 Qxh5
22. Qxc3 Rxg2+ 23. Kxg2 Bxh3+ 0-1

[Event "Reykjavik Open 2013"]
[Site "Reykjavik ISL"]
[Date "2013.02.27"]
[Round "10.13"]
[White "Williams, Simon K"]
[Black "Bu, Xiangzhi"]
[Result "1/2-1/2"]
[WhiteTitle "GM"]
[BlackTitle "GM"]
[WhiteElo "2498"]
[BlackElo "2675"]
[WhiteFideId "404454"]
[BlackFideId "8601445"]
[EventDate "2013.02.19"]

1. d4 d5 2. c4 c6 3. Nc3 Nf6 4. Nf3 dxc4 5. a4 Bf5 6. Ne5 Nbd7 7. Nxc4 Nb6 8.
Ne5 a5 9. f3 Nfd7 10. Nxd7 Nxd7 11. e4 Bg6 12. f4 e6 13. Bc4 Bb4 14. O-O Nb6 15.
Bb3 Bxc3 16. bxc3 Bxe4 17. Ba3 Nd5 18. Qd2 f5 19. Rae1 Kf7 20. Rxe4 fxe4 21. f5
Re8 22. fxe6+ Kg8 23. Qf2 e3 24. Qf3 h6 25. Bc5 Qf6 26. e7 Qe6 27. Re1 Rxe7 28.
Bxe7 Qxe7 29. Rxe3 Qf7 30. Qxf7+ Kxf7 31. Rf3+ Ke7 32. Rg3 g5 33. Kf2 Rf8+ 34.
Ke2 Kd6 35. Bxd5 Kxd5 36. Kd3 Rf2 37. c4+ Kd6 38. h4 gxh4 39. Rg7 b6 40. Rg6+
Kc7 41. Rxh6 Rxg2 42. Rxh4 Rg3+ 43. Kc2 Ra3 44. Rh7+ Kc8 45. Rh8+ Kb7 46. Rh7+
Kc8 47. Rh8+ Kb7 48. Rh7+ 1/2-1/2

[Event "Reykjavik Open 2013"]
[Site "Reykjavik ISL"]
[Date "2013.02.27"]
[Round "10.14"]
[White "L'Ami, Erwin"]
[Black "Tan, Zhongyi"]
[Result "1-0"]
[WhiteTitle "GM"]
[BlackTitle "WGM"]
[WhiteElo "2622"]
[BlackElo "2466"]
[WhiteFideId "1007998"]
[BlackFideId "8603642"]
[EventDate "2013.02.19"]

1. d4 d5 2. c4 e6 3. Nf3 Nf6 4. Nc3 Bb4 5. Qb3 c5 6. dxc5 Nc6 7. Bg5 Qa5 8. Bxf6
dxc4 9. Qxc4 gxf6 10. e3 Qxc5 11. Rc1 Qxc4 12. Bxc4 Bd7 13. Ke2 Ke7 14. a3 Bxc3
15. Rxc3 Rac8 16. Rhc1 Rhg8 17. g3 f5 18. Bb5 a6 19. Bd3 Na5 20. Nd4 Rxc3 21.
Rxc3 Kd6 22. f4 Nc6 23. Nf3 f6 24. e4 fxe4 25. Bxe4 h6 26. Ke3 Rb8 27. Nd2 Nd8
28. Nc4+ Ke7 29. Nb6 Bc6 30. Rd3 Nf7 31. Bxc6 bxc6 32. Nc4 c5 33. b3 h5 34. Kf3
Rb5 35. h3 Rb8 36. a4 Rb7 37. Rc3 Nd6 38. Nd2 Rc7 39. g4 hxg4+ 40. hxg4 Rc8 41.
Rc1 Kf7 42. g5 Kg6 43. gxf6 Kxf6 44. Rc3 Kf7 45. Ne4 Nxe4 46. Kxe4 a5 47. Ke5
Rc6 48. Rh3 c4 49. Rc3 Rc5+ 50. Ke4 Kf6 51. Rxc4 Rh5 52. Rc7 Rh3 53. Rb7 Rg3 54.
Rb5 Rh3 55. Rb8 Rg3 56. Rb7 Rh3 57. Rb6 Rg3 58. Rb5 Rh3 59. Rxa5 Rxb3 60. Rb5
Ra3 61. Rb4 Ra1 62. Kd4 Kf5 63. Kc5 e5 64. fxe5 Kxe5 65. Kb6 Rd1 66. a5 Rd6+ 67.
Kc7 Ra6 68. Ra4 Kd5 69. Kb7 Rh6 70. a6 Rh7+ 71. Kb6 Rh6+ 72. Kb5 1-0

[Event "Reykjavik Open 2013"]
[Site "Reykjavik ISL"]
[Date "2013.02.27"]
[Round "10.15"]
[White "Huang, Qian"]
[Black "Baklan, Vladimir"]
[Result "0-1"]
[WhiteTitle "WGM"]
[BlackTitle "GM"]
[WhiteElo "2478"]
[BlackElo "2609"]
[WhiteFideId "8602689"]
[BlackFideId "14102196"]
[EventDate "2013.02.19"]

1. Nf3 g6 2. c4 Bg7 3. g3 e5 4. Nc3 Nc6 5. Bg2 Nd4 6. d3 Nxf3+ 7. Bxf3 h6 8. Bg2
Ne7 9. O-O O-O 10. e3 c6 11. Rb1 d5 12. cxd5 Nxd5 13. Nxd5 cxd5 14. Qb3 Be6 15.
Bd2 Qd7 16. Rbc1 Rac8 17. Qb4 Rfd8 18. Qa5 b6 19. Qa6 d4 20. e4 g5 21. b3 Qe7
22. Qb5 Qa3 23. Ra1 Bd7 24. Qb4 Qa6 25. Qe7 Qxd3 26. Rad1 Qb5 27. f4 Re8 28. Qa3
gxf4 29. gxf4 a5 30. f5 Rc2 31. Qd6 Bc6 32. Rf2 Qc5 33. Qxc5 Rxc5 34. f6 Bf8 35.
Bf3 Kh7 36. Bc1 Bb7 37. Kg2 Bd6 38. Kh3 Rg8 39. Kh4 Rc3 40. Bb2 Rc7 41. a3 Rg6
42. Rc1 0-1

[Event "Reykjavik Open 2013"]
[Site "Reykjavik ISL"]
[Date "2013.02.27"]
[Round "10.16"]
[White "Ipatov, Alexander"]
[Black "Guo, Qi"]
[Result "1-0"]
[WhiteTitle "GM"]
[BlackTitle "WGM"]
[WhiteElo "2569"]
[BlackElo "2431"]
[WhiteFideId "14116731"]
[BlackFideId "8604002"]
[EventDate "2013.02.19"]

1. d4 d5 2. c4 e6 3. Nc3 Be7 4. Nf3 Nf6 5. Bg5 h6 6. Bxf6 Bxf6 7. e3 O-O 8. Qc2
c5 9. dxc5 Qa5 10. cxd5 exd5 11. Rd1 Qxc5 12. Qd2 Bxc3 13. Qxc3 Qxc3+ 14. bxc3
Be6 15. Nd4 Rc8 16. Kd2 Nd7 17. Rb1 Nc5 18. f3 a6 19. Rb6 Rc7 20. Be2 Na4 21.
Nxe6 fxe6 22. Rxe6 Nxc3 23. Bd3 b5 24. Rb6 d4 25. exd4 Nxa2 26. Ra1 Nb4 27. Rxb5
Nxd3 28. Kxd3 Rac8 29. Rxa6 Rc2 30. Rg6 Kh7 31. Rg4 R8c7 32. h4 Ra2 33. h5 Rca7
34. Ke4 Re2+ 35. Kd5 Rf7 36. Kc4 Rc7+ 37. Rc5 Rd7 38. d5 Rd2 39. Rd4 Rxg2 40. d6
Rf2 41. Rd3 Rh2 42. Kb5 Rb2+ 43. Kc6 Rdb7 44. Kd5 Rf7 45. Ke6 Rf6+ 46. Kd7 Rb7+
47. Kc8 Ra7 48. d7 Rf7 49. Rb5 Ra8+ 50. Rb8 Ra5 51. Rc3 1-0

[Event "Reykjavik Open 2013"]
[Site "Reykjavik ISL"]
[Date "2013.02.27"]
[Round "10.18"]
[White "Grandelius, Nils"]
[Black "Schreiner, Peter"]
[Result "1/2-1/2"]
[WhiteTitle "GM"]
[BlackTitle "IM"]
[WhiteElo "2566"]
[BlackElo "2439"]
[WhiteFideId "1710400"]
[BlackFideId "1621645"]
[EventDate "2013.02.19"]

1. e4 e5 2. Nf3 Nc6 3. Bb5 Nf6 4. d3 d6 5. O-O Be7 6. c3 O-O 7. Re1 Bd7 8. Nbd2
Re8 9. Nf1 Bf8 10. h3 a6 11. Ba4 b5 12. Bc2 d5 13. Bg5 dxe4 14. dxe4 Be6 15.
Qxd8 Rexd8 16. Bxf6 gxf6 17. Ne3 Bc5 18. Ng4 Be7 19. Red1 Na5 20. a4 Nc4 21. b3
Nd6 22. Ne3 c6 23. Kh2 Kf8 24. g3 Nb7 25. Rxd8+ Bxd8 26. Kg2 Nd6 27. axb5 cxb5
28. b4 a5 29. bxa5 Rxa5 30. Rd1 Ke7 31. Bb1 Ra3 32. Nh4 Rxc3 33. Nhf5+ Nxf5 34.
exf5 Bb3 35. Nd5+ Bxd5+ 36. Rxd5 Rb3 37. Bd3 Bb6 38. Rxb5 Rxb5 1/2-1/2

[Event "Reykjavik Open 2013"]
[Site "Reykjavik ISL"]
[Date "2013.02.27"]
[Round "10.19"]
[White "Kjartansson, Gudmundur"]
[Black "Halkias, Stelios"]
[Result "1/2-1/2"]
[WhiteTitle "IM"]
[BlackTitle "GM"]
[WhiteElo "2430"]
[BlackElo "2566"]
[WhiteFideId "2301318"]
[BlackFideId "4201809"]
[EventDate "2013.02.19"]

1. c4 e6 2. g3 Nf6 3. Bg2 d5 4. Nf3 dxc4 5. Qc2 Nbd7 6. Na3 Bxa3 7. bxa3 O-O 8.
Qxc4 e5 9. d3 c5 10. O-O Rb8 11. Bb2 Qc7 12. Nh4 b5 13. Qc1 Re8 14. e4 c4 15. d4
Rb6 16. Qe3 Nf8 17. h3 exd4 18. Bxd4 Rbe6 19. e5 Rxe5 20. Bxe5 Rxe5 21. Qc3 Ne4
22. Qc2 Nc5 23. Rae1 Nfe6 24. Rxe5 Qxe5 25. Nf3 Qc7 26. Rd1 Bb7 27. Nd4 Bxg2 28.
Nxe6 Nxe6 29. Kxg2 Qc6+ 30. f3 h6 31. h4 Qc5 32. Qc3 h5 33. Re1 Qd5 34. Re5 Qd1
35. Rxb5 Qe2+ 36. Kg1 Qd1+ 37. Kf2 Qh1 38. Qe5 Qh2+ 39. Ke3 Qg1+ 40. Ke4 Qe1+
41. Kd5 Qd2+ 42. Kxc4 Qxa2+ 43. Kb4 Qd2+ 44. Ka4 Qd1+ 45. Ka5 Qd8+ 46. Kb4 Qd2+
47. Qc3 Qd6+ 48. Ka4 Qd7 49. Ka5 Qd8+ 50. Ka4 Qd7 51. Kb4 Qd6+ 52. Ka4 1/2-1/2

[Event "Reykjavik Open 2013"]
[Site "Reykjavik ISL"]
[Date "2013.02.27"]
[Round "10.20"]
[White "Esen, Baris"]
[Black "Guramishvili, Sopiko"]
[Result "1/2-1/2"]
[WhiteTitle "GM"]
[BlackTitle "IM"]
[WhiteElo "2565"]
[BlackElo "2414"]
[WhiteFideId "6302114"]
[BlackFideId "13602888"]
[EventDate "2013.02.19"]

1. d4 d5 2. c4 c6 3. cxd5 cxd5 4. Bf4 Nc6 5. e3 Nf6 6. Nc3 e6 7. Bd3 Bd6 8. Bg3
O-O 9. Nf3 a6 10. Rc1 Na5 11. e4 dxe4 12. Nxe4 Nxe4 13. Bxe4 Bb4+ 14. Kf1 Nc6
15. h4 1/2-1/2

[Event "Reykjavik Open 2013"]
[Site "Reykjavik ISL"]
[Date "2013.02.27"]
[Round "10.22"]
[White "Li, Wenliang"]
[Black "Kveinys, Aloyzas"]
[Result "1/2-1/2"]
[WhiteTitle "IM"]
[BlackTitle "GM"]
[WhiteElo "2411"]
[BlackElo "2533"]
[WhiteFideId "8600490"]
[BlackFideId "12800040"]
[EventDate "2013.02.19"]

1. d4 Nf6 2. c4 e6 3. Nc3 Bb4 4. Qc2 O-O 5. a3 Bxc3+ 6. Qxc3 d6 7. g3 a5 8. b3
Bd7 9. Bg2 Bc6 10. Nf3 Nbd7 11. O-O Be4 12. Bb2 Qe7 13. Rfe1 a4 14. b4 d5 15. c5
h6 16. Bf1 c6 17. Ne5 Nxe5 18. dxe5 Ne8 19. f3 Bg6 20. e3 Nc7 21. Rac1 Rad8 22.
Qd2 f6 23. exf6 gxf6 24. e4 dxe4 25. Qxh6 Qh7 26. Qxh7+ Kxh7 27. fxe4 e5 28.
Rcd1 Ne6 29. Bg2 Bh5 30. Rxd8 Rxd8 31. Bc3 Nd4 32. Bxd4 exd4 33. Kf2 d3 34. Bf3
d2 35. Rd1 Bxf3 36. Kxf3 Rd3+ 37. Ke2 Rxa3 38. Rxd2 Kg6 39. Rd7 Ra1 40. Kd2 a3
41. Kc2 a2 42. Kb2 Rb1+ 43. Kxa2 Rxb4 44. Re7 Rb5 45. Ka3 Kg5 46. h4+ Kg4 47.
Rg7+ Kf3 48. e5 fxe5 49. h5 Rb1 50. h6 Rh1 51. h7 e4 52. Rxb7 e3 53. Rf7+ Kxg3
54. Kb4 e2 55. Re7 Kf3 56. Rf7+ Ke3 57. Re7+ Kd3 58. Rd7+ Kc2 59. Re7 Rh4+ 60.
Ka5 Kd3 61. Kb6 Rxh7 62. Rxe2 Kxe2 63. Kxc6 Kd3 64. Kd5 Rh5+ 65. Kd6 Kc4 66. c6
Rh6+ 67. Kd7 Kd5 68. c7 Rh7+ 69. Kd8 Kd6 70. c8=N+ Ke6 71. Nb6 Rb7 72. Nc8 Rb1
73. Kc7 Rc1+ 74. Kb7 Rc2 75. Nb6 Kd6 76. Nc8+ Kc5 77. Kc7 1/2-1/2

[Event "Reykjavik Open 2013"]
[Site "Reykjavik ISL"]
[Date "2013.02.27"]
[Round "10.24"]
[White "Socko, Bartosz"]
[Black "Tari, Aryan"]
[Result "1/2-1/2"]
[WhiteTitle "GM"]
[WhiteElo "2643"]
[BlackElo "2263"]
[WhiteFideId "1107038"]
[BlackFideId "1510045"]
[EventDate "2013.02.19"]

1. d4 Nf6 2. c4 e6 3. Nc3 Bb4 4. Qc2 c5 5. dxc5 O-O 6. a3 Bxc5 7. Nf3 b6 8. Bf4
Bb7 9. Rd1 Nh5 10. Bc1 Nf6 11. e4 Ng4 12. Rd2 Nc6 13. b4 Be7 14. Bb2 Nce5 15.
Nxe5 Nxe5 16. Nb5 Qb8 17. Qc3 Bf6 18. Qg3 d5 19. f4 Qd8 20. Qb3 Nxc4 21. Bxc4
dxc4 22. Qe3 Bxb2 23. Rxd8 Rfxd8 24. O-O Ba6 25. Rb1 Rd3 26. Qe2 Bxb5 27. Qxb2
Rad8 28. Qe5 a6 29. Rc1 Rxa3 30. f5 exf5 31. exf5 f6 32. Qe6+ Kh8 33. Re1 Rad3
34. Qf7 Rd1 35. Rxd1 Rxd1+ 36. Kf2 h6 37. Qc7 Rd2+ 38. Kg1 Rd1+ 39. Kf2 Rd2+ 40.
Kg1 Rd1+ 1/2-1/2

[Event "Reykjavik Open 2013"]
[Site "Reykjavik ISL"]
[Date "2013.02.27"]
[Round "10.26"]
[White "Maze, Sebastien"]
[Black "L'Ami, Alina"]
[Result "1/2-1/2"]
[WhiteTitle "GM"]
[BlackTitle "WGM"]
[WhiteElo "2556"]
[BlackElo "2362"]
[WhiteFideId "613762"]
[BlackFideId "1210246"]
[EventDate "2013.02.19"]

1. e4 c5 2. Nc3 d6 3. g3 g6 4. Nge2 Bg7 5. Bg2 Nc6 6. O-O e6 7. d3 Nge7 8. Be3
Nd4 9. f4 O-O 10. Qd2 Rb8 11. Nd1 b5 12. c3 Nxe2+ 13. Qxe2 b4 14. c4 Nc6 15. Nf2
Nd4 16. Qd2 Bb7 17. Kh1 f5 18. Rae1 Qa5 19. b3 Qc7 20. Nh3 h6 21. Ng1 a5 22. Ne2
Nxe2 23. Qxe2 a4 24. g4 axb3 25. axb3 Ra8 26. Bc1 Bd4 27. Bf3 Kh7 28. Qg2 Rf7
29. h4 Ra3 30. h5 gxh5 31. g5 hxg5 32. fxg5 Kg8 33. Bxa3 bxa3 34. exf5 Bxf3 35.
Qxf3 Rxf5 36. Qa8+ Kg7 37. Rxf5 exf5 38. Re6 a2 39. Qxa2 Qb7+ 40. Qg2 Qxb3 41.
Qe2 Qb1+ 42. Kg2 Qg1+ 43. Kh3 Be5 44. Rxe5 Qg4+ 45. Kh2 Qf4+ 46. Kh3 Qg4+ 47.
Kh2 Qh4+ 48. Kg2 Qxg5+ 49. Kh1 Qh4+ 50. Kg2 Qg5+ 51. Kh1 Qh4+ 1/2-1/2

[Event "Reykjavik Open 2013"]
[Site "Reykjavik ISL"]
[Date "2013.02.27"]
[Round "10.27"]
[White "Bewersdorff, Oliver"]
[Black "Danielsen, Henrik"]
[Result "0-1"]
[WhiteTitle "FM"]
[BlackTitle "GM"]
[WhiteElo "2335"]
[BlackElo "2507"]
[WhiteFideId "4602897"]
[BlackFideId "1400185"]
[EventDate "2013.02.19"]

1. Nf3 d6 2. d4 g6 3. c4 Bg7 4. Nc3 Bg4 5. g3 Bxf3 6. exf3 e6 7. d5 e5 8. f4 Nd7
9. Bh3 Ngf6 10. f5 Nc5 11. b4 Nce4 12. Nxe4 Nxe4 13. Qa4+ Kf8 14. Bg2 Nf6 15.
fxg6 hxg6 16. O-O a5 17. bxa5 e4 18. Bg5 b6 19. Qc2 Rxa5 20. Rae1 Qd7 21. Bxe4
Qh3 22. f3 Nd7 23. Be3 Ra3 24. Rf2 Ne5 25. Bc1 Ra8 26. f4 Ng4 27. Rg2 Re8 28.
Rd1 Nxh2 29. Qd3 Ng4 30. Re2 f5 31. Bg2 Bd4+ 0-1

[Event "Reykjavik Open 2013"]
[Site "Reykjavik ISL"]
[Date "2013.02.27"]
[Round "10.28"]
[White "Smith, Axel"]
[Black "Wahlbom, Magnus"]
[Result "0-1"]
[WhiteTitle "IM"]
[WhiteElo "2485"]
[BlackElo "2279"]
[WhiteFideId "1707930"]
[BlackFideId "1700685"]
[EventDate "2013.02.19"]

1. e4 c5 2. Nf3 e6 3. d4 cxd4 4. Nxd4 Nf6 5. Nc3 d6 6. Be3 a6 7. f3 b5 8. Qd2
Nbd7 9. g4 Nb6 10. a4 Nc4 11. Bxc4 bxc4 12. a5 Nd7 13. Na4 Bb7 14. O-O-O Be7 15.
Rhg1 O-O 16. g5 d5 17. f4 Nc5 18. Nxc5 Bxc5 19. e5 Rc8 20. Rde1 c3 21. Qxc3 Bxd4
22. Qxd4 Qxa5 23. Qb6 Qa4 24. Re2 Ba8 25. Kb1 Rb8 26. Qd4 Rb4 27. Qd1 d4 28. Bc1
Bf3 29. Rg3 Bxe2 30. Qxe2 Qc6 31. Ra3 Ra8 32. Qd3 a5 33. Bd2 Ra4 34. Rxa4 Qxa4
35. b3 Qd7 36. Bc3 a4 37. Qxd4 Qxd4 38. Bxd4 axb3 39. cxb3 Kf8 40. Kb2 Ke7 41.
b4 Kd7 42. b5 Ra4 43. Kc3 Ra3+ 44. Kd2 Ra2+ 45. Ke3 Rxh2 46. Ke4 h5 47. gxh6
gxh6 48. Kf3 Rd2 49. Bg1 Rb2 50. b6 Kc6 51. Bd4 Rb3+ 52. Kg4 Rb1 53. Bf2 Kd5 54.
Kh5 Ke4 55. Kxh6 Kxf4 56. Bd4 Ke4 57. Bc3 Rxb6 58. Kg7 Rb7 59. Kf8 Kf5 60. Bd4
Rb5 61. Kxf7 Rxe5 62. Bxe5 Kxe5 0-1

[Event "Reykjavik Open 2013"]
[Site "Reykjavik ISL"]
[Date "2013.02.27"]
[Round "10.29"]
[White "Muir, Andrew J"]
[Black "Hambleton, Aman"]
[Result "0-1"]
[WhiteTitle "IM"]
[BlackTitle "FM"]
[WhiteElo "2313"]
[BlackElo "2472"]
[WhiteFideId "2400138"]
[BlackFideId "2606577"]
[EventDate "2013.02.19"]

1. d4 e6 2. c4 Nf6 3. Nc3 Bb4 4. e3 O-O 5. Bd3 d5 6. Nf3 c5 7. O-O cxd4 8. exd4
dxc4 9. Bxc4 b6 10. Bg5 Bb7 11. Ne5 Nbd7 12. Qe2 Rc8 13. Rac1 h6 14. Nxd7 Qxd7
15. Bxf6 gxf6 16. d5 exd5 17. Bxd5 Rxc3 18. Bxb7 Rxc1 19. Rxc1 Re8 20. Qf3 Qd2
21. Rf1 Qxb2 22. g3 Bc5 23. Bd5 Qe5 24. Bb3 Kg7 25. Bc2 Rd8 26. Rd1 Rxd1+ 27.
Qxd1 f5 28. Bb3 b5 29. Qf3 a5 30. Kg2 Qe4 31. Qxe4 fxe4 32. Bd5 f5 33. g4 Kf6
34. gxf5 Kxf5 35. Bc6 b4 36. Kf1 Ke5 37. Ke2 Kd4 38. h4 h5 39. Be8 Be7 40. Bxh5
a4 41. Bf7 Bxh4 42. Be6 Bg5 43. Bf7 Kc3 44. Bd5 Kb2 45. Ke1 b3 46. axb3 a3 47.
b4 a2 48. Bxa2 Kxa2 49. Ke2 Kb3 50. f3 e3 51. b5 Kc4 52. b6 Kd4 53. b7 Bf4 54.
Kd1 Kd3 55. Ke1 Bg3+ 0-1

[Event "Reykjavik Open 2013"]
[Site "Reykjavik ISL"]
[Date "2013.02.27"]
[Round "10.30"]
[White "Andersen, Mads"]
[Black "Prosviriakov, Vladimir"]
[Result "1-0"]
[WhiteTitle "IM"]
[BlackTitle "IM"]
[WhiteElo "2462"]
[BlackElo "2297"]
[WhiteFideId "1413864"]
[BlackFideId "2004860"]
[EventDate "2013.02.19"]

1. d4 e6 2. c4 Bb4+ 3. Bd2 Bxd2+ 4. Qxd2 Nf6 5. g3 d5 6. Nf3 O-O 7. Bg2 c6 8.
O-O Nbd7 9. Qc2 b6 10. Nbd2 Bb7 11. e4 dxe4 12. Nxe4 Nxe4 13. Qxe4 Rb8 14. Rfd1
c5 15. Qf4 cxd4 16. Rxd4 Bxf3 17. Qxf3 Qe7 18. Rad1 Nf6 19. Qd3 Rbc8 20. a3 h6
21. h3 Rfe8 22. g4 e5 23. Rd6 Qc7 24. Bc6 e4 25. Qd4 Re7 26. b4 e3 27. fxe3 Ne8
28. c5 bxc5 29. bxc5 Qb8 30. Bxe8 Rcxe8 31. c6 Kh7 32. Qd3+ g6 33. Rb1 Qc7 34.
Rb7 Qa5 35. Rxe7 Rxe7 36. Rd7 Qe5 37. Rxe7 Qxe7 38. Qc3 Qc7 39. Kg2 Kg8 40. Qc5
h5 41. gxh5 gxh5 42. h4 Kg7 43. Qd4+ Kg6 44. Qd7 Qe5 45. c7 Qe4+ 46. Kf2 Qxh4+
47. Ke2 Qh2+ 48. Kd3 1-0

[Event "Reykjavik Open 2013"]
[Site "Reykjavik ISL"]
[Date "2013.02.27"]
[Round "10.32"]
[White "Diermair, Andreas"]
[Black "Bergthorsson, Jon Thor"]
[Result "1/2-1/2"]
[WhiteTitle "IM"]
[WhiteElo "2407"]
[BlackElo "2125"]
[WhiteFideId "1612468"]
[BlackFideId "2302829"]
[EventDate "2013.02.19"]

1. Nf3 d5 2. d4 e6 3. c4 Nf6 4. Nc3 Be7 5. Bg5 h6 6. Bh4 O-O 7. e3 b6 8. Be2 Bb7
9. Bxf6 Bxf6 10. cxd5 exd5 11. b4 c5 12. bxc5 bxc5 13. Rb1 Bc6 14. O-O Nd7 15.
Qc2 cxd4 16. Nxd4 Bxd4 17. exd4 Nf6 18. Rfc1 Rb8 19. Nd1 Rxb1 20. Rxb1 Qd6 21.
Ne3 Bd7 22. Bf3 Rc8 23. Qb3 Be6 24. g3 Rc6 25. Qb7 Rb6 26. Rxb6 axb6 27. Kg2 g6
28. h4 Kg7 29. a3 h5 30. Qa6 Bg4 31. Bxg4 1/2-1/2

[Event "Reykjavik Open 2013"]
[Site "Reykjavik ISL"]
[Date "2013.02.27"]
[Round "10.33"]
[White "Wang, Yiye"]
[Black "Bekker-Jensen, Simon"]
[Result "0-1"]
[BlackTitle "IM"]
[WhiteElo "2226"]
[BlackElo "2405"]
[WhiteFideId "8606021"]
[BlackFideId "1403613"]
[EventDate "2013.02.19"]

1. e4 c5 2. Nf3 d6 3. Nc3 Nf6 4. e5 dxe5 5. Nxe5 Nbd7 6. d4 e6 7. Bb5 a6 8.
Bxd7+ Nxd7 9. Qf3 Nf6 10. dxc5 Bxc5 11. Bg5 Be7 12. O-O O-O 13. Rad1 Qa5 14.
Rfe1 h6 15. Bh4 Rd8 16. Rxd8+ Qxd8 17. Ne4 Kf8 18. Rd1 Qc7 19. Bxf6 gxf6 20. Qe3
Qxe5 21. Qxh6+ Kg8 22. Rd3 Qxe4 23. Rg3+ Qg6 24. Rxg6+ fxg6 25. Qxg6+ Kf8 26.
Qh7 b5 27. h4 Bb7 28. h5 Rd8 29. h6 Rd1+ 30. Kh2 Bd6+ 31. Kh3 Be4 32. Qg7+ Ke8
33. Qxf6 Rh1+ 34. Kg4 Bf5+ 35. Kf3 Bf8 36. Qc3 Rxh6 37. Qc6+ Kf7 38. Qxa6 b4 39.
Qc6 Rh4 40. Qc7+ Be7 41. c3 Bb1 42. g3 Rh5 43. g4 Rd5 44. a4 bxa3 45. bxa3 Rc5
46. Qf4+ Kg6 47. Qe3 Ba2 48. Qe4+ Kg7 49. Qd4+ Kf7 50. Kg3 Bd5 51. Qd3 Bf6 52.
Qh7+ Bg7 53. Kh4 Rxc3 54. f4 Rc4 55. f5 exf5 56. Qxf5+ Bf6+ 57. Kh5 Be4 58. Qb5
Rd4 59. Qe2 Kg7 0-1

[Event "Reykjavik Open 2013"]
[Site "Reykjavik ISL"]
[Date "2013.02.27"]
[Round "10.34"]
[White "Mikkelsen, Nikolaj"]
[Black "Drill, Frank"]
[Result "1-0"]
[WhiteTitle "IM"]
[WhiteElo "2421"]
[BlackElo "2124"]
[WhiteFideId "1407970"]
[BlackFideId "4609387"]
[EventDate "2013.02.19"]

1. e4 Nc6 2. Nf3 f5 3. exf5 d5 4. Bb5 Bxf5 5. Ne5 a6 6. Nxc6 Qd7 7. Nxe7 axb5 8.
Nxf5 Qxf5 9. d4 c6 10. Qd3 Qf6 11. Nd2 Bd6 12. Nf3 h6 13. O-O Ne7 14. Re1 O-O
15. Qe2 b4 16. Qe6+ Rf7 17. Qxf6 Rxf6 18. b3 Nf5 19. Bb2 g5 20. Ne5 Ng7 21. Nd3
Ra7 22. Re2 Rf8 23. c4 bxc3 24. Bxc3 Rf6 25. Rae1 Kh7 26. a4 Ra8 27. Nc5 Rf7 28.
Nd3 Rf6 29. h3 Kg6 30. Rb1 Nf5 31. Ne5+ Kh7 32. Ng4 Rg6 33. Rbe1 Ng7 34. g3 Ra7
35. Kg2 Ra8 36. Re3 h5 37. Ne5 Rf6 38. Nf3 Kg6 39. R1e2 Rf5 40. Bd2 Rc8 41. Rd3
Rh8 42. a5 Rh7 43. b4 Rh8 44. Rb3 Rhf8 45. g4 hxg4 46. hxg4 Rf4 47. Bxf4 Rxf4
48. Kh3 Kf6 49. Rbe3 Bxb4 50. a6 bxa6 51. Rc2 c5 52. dxc5 d4 53. Rb3 Bc3 54.
Rb6+ Ne6 55. Re2 Rxf3+ 56. Kg2 Re3 57. fxe3 d3 58. Rf2+ Ke7 59. Rb7+ Ke8 60. c6
Be1 61. Rff7 d2 62. Rbe7+ Kd8 63. Rd7+ Kc8 64. Rh7 Nf8 65. Rh8 1-0

[Event "Reykjavik Open 2013"]
[Site "Reykjavik ISL"]
[Date "2013.02.27"]
[Round "10.35"]
[White "Hagen, Andreas Skytte"]
[Black "Beeke, Bob"]
[Result "1/2-1/2"]
[WhiteTitle "IM"]
[WhiteElo "2411"]
[BlackElo "2257"]
[WhiteFideId "1407341"]
[BlackFideId "1011634"]
[EventDate "2013.02.19"]

1. e4 c5 2. Nf3 d6 3. d4 cxd4 4. Nxd4 Nf6 5. Nc3 a6 6. Be3 e6 7. f3 b5 8. Qd2
Nbd7 9. g4 Nb6 10. a4 bxa4 11. Nxa4 Nxa4 12. Rxa4 Nd7 13. Nb5 Nb6 14. Nxd6+ Bxd6
15. Rd4 Nd5 16. exd5 Bc5 17. Rd3 Bxe3 18. Rxe3 Qb6 19. Bc4 O-O 20. b3 Rd8 21.
Qe2 a5 22. dxe6 Bxe6 23. Bxe6 fxe6 24. O-O Rac8 25. Re1 Rd6 26. Kh1 Rcc6 27. c4
Qd4 28. Qa2 h5 29. gxh5 Qf4 30. Qxa5 Ra6 31. Qe5 Qh6 32. R3e2 Rd3 33. Qb8+ Kh7
34. Qb7 Rad6 35. Qe4+ Kh8 36. Qg6 Qf4 37. Rg2 Rd7 38. Qe8+ Kh7 39. Qg6+ Kh8 40.
Rge2 Qxf3+ 41. Qg2 Qxh5 42. Qe4 Rd8 43. b4 R3d4 44. Qc6 Kh7 45. Rg2 R8d6 46. Qc7
Rd7 47. Qe5 Qxe5 48. Rxe5 Rxc4 49. Rb2 Rdd4 50. b5 Rb4 51. Ree2 Rd1+ 52. Kg2 Rb1
53. Rxb1 Rxb1 54. Re5 Rb3 55. Kf2 Kg6 56. Rc5 Rh3 57. Kg2 Rb3 58. h4 Kh6 59. h5
g5 60. hxg6 Kxg6 61. Kf2 Kf6 62. Ke2 Ke7 63. Kd2 Kd6 64. Rh5 Kc7 1/2-1/2

[Event "Reykjavik Open 2013"]
[Site "Reykjavik ISL"]
[Date "2013.02.27"]
[Round "10.36"]
[White "Ris, Robert"]
[Black "Schou-Moldt, Thomas"]
[Result "1-0"]
[WhiteTitle "IM"]
[WhiteElo "2407"]
[BlackElo "2236"]
[WhiteFideId "1011480"]
[BlackFideId "1401297"]
[EventDate "2013.02.19"]

1. d4 d6 2. Nf3 g6 3. c4 Nf6 4. Nc3 Bg7 5. e4 O-O 6. Be2 Na6 7. O-O e5 8. Be3
Ng4 9. Bg5 Qe8 10. h3 f6 11. Bh4 Nh6 12. Re1 Kh8 13. Bf1 Be6 14. c5 exd4 15. Nd5
Qf7 16. Bxa6 Bxd5 17. exd5 bxa6 18. cxd6 Nf5 19. dxc7 Qxd5 20. Bg3 Nxg3 21. fxg3
d3 22. Rc1 Bh6 23. Rc3 d2 24. Re2 Qxa2 25. Nxd2 Qxb2 26. Ne4 Qb6+ 27. Kh2 Rfc8
28. Qd7 Bf8 29. Rc6 Qb5 30. Nxf6 Bg7 31. Re7 1-0